• 首页
  • 本馆介绍
  • 公告通知
  • 最新文献
  • 馆藏检索
  • 电子资源
  • 读者导购
  • 参考咨询
  • 我的图书馆
  • 登录
  • 详细信息显示
  • 放入我的书架
  • 预约/预借图书
  • 作者相关作品
  • 分类相关作品
  • 丛书相关作品
  • 出版社相关作品

书目信息

  • 表格格式
  • 工作单格式
  • 卡片格式
题名:
中国农村信息化发展报告
    
 
作者: 李道亮
分册:  
出版信息:    2007.08
页数: 422页
开本: 20cm
丛书名:
单 册:
中图分类: F320.1
科图分类:
主题词: 农业经济--中国
电子资源:
ISBN: 7-80233-375-X
000 00542nam0 2200181 450
001 2255718226
005 20221010153227.46
010    @a7-80233-375-X@dCNY99.00
100    @a20221010d2007 km y0chiy0120 ea
101 0  @achi
200 1  @a中国农村信息化发展报告@AZhong Guo Nong Cun Xin Xi Hua Fa Zhan Bao Gao@f李道亮@FLi Dao Liang
210    @d2007.08
215    @a422页@d20cm
606 0  @a农业经济@x中国
690    @aF320.1@v4
701  0 @a李道亮@ALi Dao Liang
801  0 @aCN@b大连网信软件有限公司图书馆·11@c20221010
905    @aZUCC@dF320.1@eZY24
    
    中国农村信息化发展报告/李道亮.-2007.08
    422页;20cm
    
    
    ISBN 7-80233-375-X:CNY99.00
    
●
相关链接 在E读中查询图书 在五车中查询图书 在当当中查询图书 在豆瓣中查询图书


正题名:中国农村信息化发展报告     索取号:F320.1/ZY24         预约/预借

序号 登录号 条形码 馆藏地/架位号 状态 备注
1 7905225   279052258   密集书库-资源管理系/ [索取号:F320.1/ZY24] 在馆    
唐山师范学院图书馆 欢迎您!
大连网信软件有限公司© 版权所有